Tanganyika Law Society : Directory of Members, Law Firms and other Stakeholders (Record no. 3474)

MARC details
005 - DATE AND TIME OF LATEST TRANSACTION
control field 20250609080657.0
020 ## - INTERNATIONAL STANDARD BOOK NUMBER
International Standard Book Number 978-9976-9909-2-8
082 ## - DEWEY DECIMAL CLASSIFICATION NUMBER
Classification number REF 340.029 TLS
111 ## - MAIN ENTRY--MEETING NAME
Meeting name or jurisdiction name as entry element Tanganyika Law Society (TLS)
245 ## - TITLE STATEMENT
Title Tanganyika Law Society : Directory of Members, Law Firms and other Stakeholders
260 ## - PUBLICATION, DISTRIBUTION, ETC.
Place of publication, distribution, etc. Dar es Salaam,
Name of publisher, distributor, etc. Tanganyika Law Society,
Date of publication, distribution, etc. 2016.
300 ## - PHYSICAL DESCRIPTION
Extent 263p.: Ill.; pictures.
Dimensions 25cm.
942 ## - ADDED ENTRY ELEMENTS (KOHA)
Source of classification or shelving scheme Dewey Decimal Classification
Koha item type Books
Holdings
Date last seen Total checkouts Full call number Barcode Cost, replacement price Price effective from Koha item type Lost status Source of classification or shelving scheme Damaged status Not for loan Withdrawn status Home library Current library Shelving location Date acquired Cost, normal purchase price
07/02/2025   340.029 TLS DOM0001791 60000.00 07/02/2025 Books   Dewey Decimal Classification       CBE Dodoma CBE Dodoma General Collection 07/01/2017 20000.00
06/09/2025   REF 340.029 TLS 00000011602 60000.00 06/09/2025 Books   Dewey Decimal Classification       College of Business Education Main Library College of Business Education Main Library Reference Collection 07/30/2017 20000.00
06/09/2025   REF 340.029 TLS 00000011603 60000.00 06/09/2025 Books   Dewey Decimal Classification       College of Business Education Main Library College of Business Education Main Library Reference Collection 07/30/2017 20000.00
06/09/2025   REF 340.029 TLS 00000011604 60000.00 06/09/2025 Books   Dewey Decimal Classification       College of Business Education Main Library College of Business Education Main Library Reference Collection 07/30/2017 20000.00